000 00671nam a2200217 i 4500
001 80204
003 ES-MaACL
005 20230906174148.0
007 t|
008 041027s1982 sp ||||1| spa d
020 _a84-376-0373-0
245 0 0 _aHistoria de las artes aplicadas e industriales en España /
_cAntonio Bonet Correa (coordinador).
260 _aMadrid :
_bCátedra,
_c1982.
300 _a658 p. :
_bil. ;
_c21 cm.
490 1 _aManuales arte Cátedra
504 _aBibliografía: p.639-658.
700 1 _aBonet Correa, Antonio.
_930126
830 0 _aManuales arte Cátedra
_9179258
852 _aES-MaACL
_jC-3276
_bR.111267
999 _c80204
_d80204